[Event "Olimpiada Calviá 2004"]
[Site "Calviá ESP"]
[Date "2004.10.16"]
[Round "2.27"]
[White "Azmaiparashvili, Zurab"]
[Black "Mihalcisin, Adrian"]
[Result "1-0"]
[WhiteElo "2672"]
[BlackElo "2512"]
[PlyCount "76"]
[EventDate "2004.10.15"]
[EventType "team"]
[EventRounds "14"]
[EventCountry "ESP"]
[Source "lmi"]
[SourceDate "2004.10.27"]

1. d4 d5 2. Nf3 e6 3. Bg5 Be7 4. Bxe7 Qxe7 5. Nbd2 Nf6 6. e3 O-O 7. Ne5 Nfd7 8.
f4 f6 9. Nxd7 Bxd7 10. Qf3 Bc6 11. O-O-O Nd7 12. g4 e5 13. Qg3 Rae8 14. Kb1 Nb6
15. Bd3 a6 16. Nb3 e4 17. Bf1 Nc4 18. f5 b6 19. Nc1 Bb5 20. Qe1 Qd7 21. a4 Bc6
22. b3 Nd6 23. Ne2 a5 24. Nf4 Ra8 25. Ne6 Rf7 26. Kb2 Nb7 27. c4 dxc4 28. d5
Bxa4 29. bxa4 Qxa4 30. Ra1 Qb3+ 31. Kc1 c3 32. Rb1 Qa3+ 33. Kc2 Qa2+ 34. Kxc3
Nd6 35. Qd1 b5 36. Rb2 b4+ 37. Kc2 Qa3 38. Qd4 Rb8 1-0

[Event "Olimpiada Calviá 2004"]
[Site "Calviá ESP"]
[Date "2004.10.16"]
[Round "2.27"]
[White "Pavasovic, Dusko"]
[Black "Kacheishvili, Giorgi"]
[Result "1/2-1/2"]
[WhiteElo "2581"]
[BlackElo "2599"]
[PlyCount "41"]
[EventDate "2004.10.15"]
[EventType "team"]
[EventRounds "14"]
[EventCountry "ESP"]
[Source "lmi"]
[SourceDate "2004.10.27"]

1. e4 c6 2. d4 d5 3. Nd2 dxe4 4. Nxe4 Bf5 5. Ng3 Bg6 6. h4 h6 7. Nf3 Nd7 8. Bd3
Bxd3 9. Qxd3 Ngf6 10. Bf4 e6 11. O-O-O Qa5 12. Kb1 Be7 13. Ne4 Nxe4 14. Qxe4
Nf6 15. Qd3 Ng4 16. Qe2 Qb5 17. Rd3 O-O-O 18. Ne5 Nxe5 19. Bxe5 Bf6 20. Bxf6
gxf6 21. Qf3 1/2-1/2

[Event "Olimpiada Calviá 2004"]
[Site "Calviá ESP"]
[Date "2004.10.16"]
[Round "2.27"]
[White "Borisek, Jure"]
[Black "Gagunashvili, Merab"]
[Result "1/2-1/2"]
[WhiteElo "2489"]
[BlackElo "2567"]
[PlyCount "122"]
[EventDate "2004.10.15"]
[EventType "team"]
[EventRounds "14"]
[EventCountry "ESP"]
[Source "lmi"]
[SourceDate "2004.10.27"]

1. e4 c5 2. Nf3 e6 3. d4 cxd4 4. Nxd4 a6 5. c4 Nf6 6. Nc3 Qc7 7. a3 b6 8. Be2
Bb7 9. f3 Nc6 10. Be3 Nxd4 11. Qxd4 Bc5 12. Qd2 Bxe3 13. Qxe3 d6 14. b4 O-O 15.
O-O Rfd8 16. Rfd1 Bc6 17. Rd2 Rac8 18. Rad1 Be8 19. f4 Bc6 20. Rd4 e5 21. fxe5
dxe5 22. Rxd8+ Rxd8 23. Nd5 Nxd5 24. exd5 Ba8 25. Bf1 Qb8 26. d6 Rxd6 27. Qxe5
Rd8 28. Rd7 Qc8 29. Rc7 Qg4 30. h3 Qd1 31. Qf5 Qd4+ 32. Kh1 Rf8 33. Rc8 Be4 34.
Rxf8+ Kxf8 35. Qc8+ Ke7 36. Qc7+ Qd7 37. Qxb6 Qxh3+ 38. Kg1 Qxa3 39. Qd4 f5 40.
Qxg7+ Ke6 41. Qg8+ Ke5 42. Qb8+ Kd4 43. Qa7+ Kc3 44. b5 Qc1 45. Qg7+ Kc2 46.
Qd4 axb5 47. cxb5 Kb3 48. b6 Qe1 49. Qc5 h5 50. Qb5+ Ka3 51. Qa6+ Kb4 52. b7
Qe3+ 53. Kh2 Qf4+ 54. Kh1 Qb8 55. Qb6+ Kc3 56. Qe3+ Kb4 57. Qd4+ Ka3 58. Qc5+
Kb2 59. Qd4+ Ka3 60. Ba6 Qg3 61. Bf1 Qb8 1/2-1/2

[Event "Olimpiada Calviá 2004"]
[Site "Calviá ESP"]
[Date "2004.10.16"]
[Round "2.28"]
[White "Dao, Thien Hai"]
[Black "Fressinet, Laurent"]
[Result "1/2-1/2"]
[WhiteElo "2601"]
[BlackElo "2640"]
[PlyCount "61"]
[EventDate "2004.10.15"]
[EventType "team"]
[EventRounds "14"]
[EventCountry "ESP"]
[Source "lmi"]
[SourceDate "2004.10.27"]

1. d4 d5 2. c4 c6 3. Nf3 Nf6 4. Nc3 dxc4 5. a4 Bf5 6. e3 e6 7. Bxc4 Bb4 8. O-O
Nbd7 9. Qe2 Bg4 10. e4 Nb6 11. Rd1 Bxc3 12. bxc3 Nxc4 13. Qxc4 Nxe4 14. Ba3
Bxf3 15. gxf3 Qg5+ 16. Kf1 Nd2+ 17. Rxd2 Qxd2 18. a5 a6 19. Rb1 O-O-O 20. Rb6
Qf4 21. Bc5 Rd5 22. Qb3 Qc7 23. c4 Rxc5 24. dxc5 Rd8 25. Kg2 Rd4 26. Qb2 Qe5
27. h4 Qf4 28. Rxb7 Rd3 29. Kg1 Rd1+ 30. Kg2 Rd3 31. Kg1 1/2-1/2

[Event "Olimpiada Calviá 2004"]
[Site "Calviá ESP"]
[Date "2004.10.16"]
[Round "2.29"]
[White "Fier, Alexander Hila"]
[Black "Bu, Xiangzhi"]
[Result "1-0"]
[WhiteElo "2365"]
[BlackElo "2615"]
[PlyCount "157"]
[EventDate "2004.10.15"]
[EventType "team"]
[EventRounds "14"]
[EventCountry "ESP"]
[Source "lmi"]
[SourceDate "2004.10.27"]

1. e4 c5 2. Nf3 Nc6 3. d4 cxd4 4. Nxd4 g6 5. c4 Bg7 6. Be3 Nf6 7. Nc3 O-O 8.
Be2 d6 9. O-O Nxd4 10. Bxd4 Be6 11. Qd2 Qa5 12. Rfd1 Rfc8 13. b3 Ne8 14. Bxg7
Kxg7 15. Qd4+ Nf6 16. Nd5 Bxd5 17. exd5 a6 18. Rd3 b5 19. Re3 Rc7 20. g4 Kg8
21. g5 Ne8 22. Qh4 Ng7 23. Rh3 h5 24. gxh6 Nf5 25. Qf4 bxc4 26. bxc4 Rac8 27.
Rc1 Qb6 28. Bg4 Qd4 29. Qxd4 Nxd4 30. Bxc8 Ne2+ 31. Kf1 Nxc1 32. Bxa6 Nxa2 33.
Rb3 e6 34. dxe6 fxe6 35. Rb6 d5 36. cxd5 exd5 37. Rxg6+ Kh8 38. Rd6 Nb4 39. Bb5
Ra7 40. Be2 Rc7 41. Rb6 Nc6 42. Bd3 Rc8 43. f4 Nd4 44. Kf2 Rf8 45. Kg3 Nf5+ 46.
Kg4 Ne3+ 47. Kg5 Ng2 48. Bf5 d4 49. Rd6 d3 50. h7 Ne1 51. Bxd3 Nxd3 52. Rxd3
Rf7 53. Rh3 Rg7+ 54. Kf5 Ra7 55. Rh5 Ra1 56. Kg5 Rg1+ 57. Kf6 Rg6+ 58. Ke5 Ra6
59. Rh3 Ra5+ 60. Ke4 Ra4+ 61. Kf5 Ra6 62. Kg4 Rg6+ 63. Kf3 Ra6 64. f5 Ra4 65.
Kg3 Ra1 66. Kf4 Rf1+ 67. Kg5 Re1 68. Kf6 Ra1 69. Re3 Kxh7 70. Kf7 Ra7+ 71. Re7
Ra6 72. f6 Kh6 73. Re6 Ra8 74. Re8 Ra7+ 75. Re7 Ra8 76. h4 Ra1 77. Re8 Ra7+ 78.
Kg8 Kg6 79. f7 1-0

[Event "Olimpiada Calviá 2004"]
[Site "Calviá ESP"]
[Date "2004.10.16"]
[Round "2.31"]
[White "Kozul, Zdenko"]
[Black "Adams, Michael"]
[Result "0-1"]
[WhiteElo "2640"]
[BlackElo "2740"]
[PlyCount "78"]
[EventDate "2004.10.15"]
[EventType "team"]
[EventRounds "14"]
[EventCountry "ESP"]
[Source "lmi"]
[SourceDate "2004.10.27"]

1. d4 Nf6 2. c4 e6 3. Nc3 Bb4 4. Qc2 d5 5. cxd5 exd5 6. Bg5 c5 7. e3 cxd4 8.
exd4 Nc6 9. Bb5 h6 10. Bh4 O-O 11. Nge2 Qb6 12. Bxf6 Qxb5 13. O-O Qa5 14. Bh4
Re8 15. Rfd1 Be6 16. a3 Bxc3 17. Nxc3 Rac8 18. Qd2 Qa6 19. a4 Na5 20. Qc2 Qb6
21. Ra3 Rc4 22. Qd2 Nb3 23. Qe3 Nxd4 24. Nxd5 Qxb2 25. Bf6 Qe2 26. Re1 Bxd5 27.
Qxe8+ Qxe8 28. Rxe8+ Kh7 29. h3 gxf6 30. Kh2 Nf5 31. a5 a6 32. Rd3 Bc6 33. Rc8
Re4 34. Rdd8 Ne7 35. Ra8 Re5 36. g4 f5 37. Kg3 Rxa5 38. f3 Ra3 39. Kf4 Ng6+ 0-1

[Event "Olimpiada Calviá 2004"]
[Site "Calviá ESP"]
[Date "2004.10.16"]
[Round "2.32"]
[White "Abbas, Baha H"]
[Black "Rodriguez, Andres"]
[Result "0-1"]
[WhiteElo "2213"]
[BlackElo "2533"]
[PlyCount "104"]
[EventDate "2004.10.15"]
[EventType "team"]
[EventRounds "14"]
[EventCountry "ESP"]
[Source "lmi"]
[SourceDate "2004.10.27"]

1. e4 e6 2. d4 d5 3. Nd2 Nf6 4. e5 Nfd7 5. Bd3 c5 6. c3 Nc6 7. Ne2 cxd4 8. cxd4
f6 9. exf6 Nxf6 10. O-O Bd6 11. Nf3 Qc7 12. Bg5 O-O 13. Bh4 Nh5 14. Bg3 Nxg3
15. fxg3 g6 16. Kh1 Qg7 17. Qd2 Bd7 18. a3 Rf7 19. Ng5 Re7 20. Bc2 h6 21. Nf3
Rf8 22. Nh4 Rxf1+ 23. Rxf1 g5 24. Nf3 Rf7 25. Qd3 Be8 26. b4 Rf6 27. Kg1 a6 28.
Qe3 Bc7 29. Nd2 Bb6 30. Nb3 Bh5 31. Nc5 Bxe2 32. Qxe2 Nxd4 33. Qd3 Rxf1+ 34.
Kxf1 Qf6+ 35. Ke1 Bxc5 36. bxc5 Nxc2+ 37. Qxc2 Qe5+ 38. Kd2 Qd4+ 39. Ke2 Qc4+
40. Qxc4 dxc4 41. Kd2 Kf7 42. Kc3 Kf6 43. Kxc4 Ke5 44. a4 Ke4 45. a5 e5 46. c6
bxc6 47. Kc5 Kd3 48. Kxc6 e4 49. Kb6 e3 50. Kxa6 e2 51. Kb7 e1=Q 52. a6 Qb4+
0-1

[Event "Olimpiada Calviá 2004"]
[Site "Calviá ESP"]
[Date "2004.10.16"]
[Round "2.34"]
[White "Khamdamov, Suhrob"]
[Black "Rohl, Juan"]
[Result "1/2-1/2"]
[WhiteElo "2150"]
[BlackElo "2401"]
[PlyCount "96"]
[EventDate "2004.10.15"]
[EventType "team"]
[EventRounds "14"]
[EventCountry "ESP"]
[Source "lmi"]
[SourceDate "2004.10.27"]

1. d4 Nf6 2. c4 g6 3. g3 Bg7 4. Bg2 O-O 5. Nf3 d6 6. O-O Nc6 7. Nc3 Bd7 8. e4
Bg4 9. Be3 Nd7 10. Ne2 e5 11. d5 Bxf3 12. Bxf3 Ne7 13. Bg2 f5 14. f3 Nf6 15.
Nc3 c5 16. dxc6 bxc6 17. Qd2 Qc7 18. Rad1 Rad8 19. Bg5 h6 20. Bxh6 Bxh6 21.
Qxh6 Qb6+ 22. Rf2 Kf7 23. Bf1 f4 24. gxf4 Rh8 25. Qg5 Rxh2 26. Bg2 Qe3 27. Qg3
Rdh8 28. fxe5 dxe5 29. Qxe5 R8h5 30. Qd4 Qg5 31. Kf1 Qg3 32. Ne2 Qh4 33. e5
Qxd4 34. Nxd4 Rxe5 35. f4 Rc5 36. Nf3 Rhh5 37. b4 Rcf5 38. Nd4 Ng4 39. Nxf5
Nxf5 40. Bf3 Nfe3+ 41. Ke2 Nxf2 42. Rd7+ Ke6 43. Bxh5 gxh5 44. Rh7 Neg4 45.
Rxh5 Ne4 46. Rh7 Ngf6 47. Rxa7 Kf5 48. Rb7 Kxf4 1/2-1/2

[Event "Olimpiada Calviá 2004"]
[Site "Calviá ESP"]
[Date "2004.10.16"]
[Round "2.37"]
[White "Pitlagano, Tebogo"]
[Black "Najjar, Ahmad"]
[Result "1/2-1/2"]
[WhiteElo "2128"]
[BlackElo "2337"]
[PlyCount "120"]
[EventDate "2004.10.15"]
[EventType "team"]
[EventRounds "14"]
[EventCountry "ESP"]
[Source "lmi"]
[SourceDate "2004.10.27"]

1. e4 e5 2. Nf3 Nc6 3. Bc4 Bc5 4. c3 Nf6 5. O-O Nxe4 6. d4 exd4 7. cxd4 Be7 8.
d5 Nb8 9. Qe2 Nd6 10. Bd3 O-O 11. Nc3 Na6 12. Bf4 Nb4 13. Bb1 Re8 14. Qd1 b6
15. a3 Na6 16. Ne5 g6 17. Re1 Bf8 18. Bc2 f6 19. Ng4 Rxe1+ 20. Qxe1 Bb7 21. Qe3
h5 22. Qd3 Nf5 23. Ne3 Nc5 24. Qd1 Nxe3 25. Bxe3 f5 26. Ne2 Qe8 27. b4 Ne4 28.
Bb3 Bd6 29. Bd4 Kh7 30. f3 Ng5 31. Qd2 Qe7 32. Re1 Re8 33. Bf2 Nf7 34. Nd4 Qf8
35. Rxe8 Qxe8 36. Nb5 Qe5 37. Nxd6 Qa1+ 38. Be1 Nxd6 39. Qe3 Nb5 40. Qe7+ Qg7
41. Qxg7+ Kxg7 42. a4 Nd6 43. Kf2 Ne8 44. Ke3 d6 45. Bh4 Nf6 46. Kd4 Bc8 47.
Bg5 a6 48. h3 Bd7 49. a5 bxa5 50. bxa5 Bb5 51. Bc4 Bxc4 52. Kxc4 Kf7 53. Kd4
Kg7 54. Kc4 Nd7 55. Bd8 Ne5+ 56. Kc3 c5 57. f4 Nd7 58. Be7 Nf6 59. Bxf6+ Kxf6
60. h4 g5 1/2-1/2

[Event "Olimpiada Calviá 2004"]
[Site "Calviá ESP"]
[Date "2004.10.16"]
[Round "2.37"]
[White "Somoff, Abdo"]
[Black "Khetho, Phemelo"]
[Result "0-1"]
[WhiteElo "2330"]
[BlackElo "2238"]
[PlyCount "66"]
[EventDate "2004.10.15"]
[EventType "team"]
[EventRounds "14"]
[EventCountry "ESP"]
[Source "lmi"]
[SourceDate "2004.10.27"]

1. e4 d5 2. exd5 Nf6 3. Bb5+ Bd7 4. Bc4 Bg4 5. Be2 Bf5 6. Bf3 Nxd5 7. c4 Nb4 8.
Bxb7 Nc2+ 9. Kf1 Bd3+ 10. Ne2 Nd7 11. Bxa8 Qxa8 12. Na3 Nxa1 13. b4 Qe4 14. f3
Qg6 15. Kf2 e5 16. Re1 Nc2 17. Nf4 Qb6+ 18. c5 Bxc5+ 19. bxc5 Qxc5+ 20. Kg3
Nxe1 21. Qxe1 Qd4 22. Nxd3 Qxd3 23. Qf2 c5 24. Bb2 O-O 25. Bc3 Qa6 26. Bb2 Rb8
27. Bc1 Qd3 28. Qe1 f5 29. h3 e4 30. Kh2 exf3 31. gxf3 Kf7 32. Qg3 Re8 33. Qf4
Qe2+ 0-1

[Event "Olimpiada Calviá 2004"]
[Site "Calviá ESP"]
[Date "2004.10.16"]
[Round "2.39"]
[White "Mok, Tze-Meng"]
[Black "De La Riva Aguado, Oscar"]
[Result "0-1"]
[WhiteElo "2336"]
[BlackElo "2528"]
[PlyCount "60"]
[EventDate "2004.10.15"]
[EventType "team"]
[EventRounds "14"]
[EventCountry "ESP"]
[Source "lmi"]
[SourceDate "2004.10.27"]

1. e4 e6 2. Nf3 d5 3. Nc3 dxe4 4. Nxe4 Be7 5. d4 Nf6 6. Nxf6+ Bxf6 7. Bd3 Nd7
8. Qe2 O-O 9. h4 Re8 10. Ne5 Qe7 11. Qe4 Nf8 12. g4 Rd8 13. g5 Bxe5 14. dxe5
Bd7 15. Rh3 Bc6 16. Qe2 Rd5 17. Bd2 Nd7 18. f4 Nc5 19. O-O-O Nxd3+ 20. cxd3 b5
21. Qe1 Bb7 22. Be3 c5 23. Qa5 Qd7 24. Bg1 Rd8 25. h5 b4 26. Kb1 Rc8 27. h6 g6
28. Rg3 Bc6 29. d4 Qb7 30. Rb3 c4 0-1

[Event "Olimpiada Calviá 2004"]
[Site "Calviá ESP"]
[Date "2004.10.16"]
[Round "2.42"]
[White "Weeramantry, Sunil"]
[Black "Dominguez, Jose M"]
[Result "0-1"]
[WhiteElo "2231"]
[BlackElo "2353"]
[PlyCount "108"]
[EventDate "2004.10.15"]
[EventType "team"]
[EventRounds "14"]
[EventCountry "ESP"]
[Source "lmi"]
[SourceDate "2004.10.27"]

1. e4 e5 2. Nf3 Nc6 3. Bc4 Be7 4. d4 exd4 5. c3 Nf6 6. e5 Ne4 7. Bd5 Nc5 8.
cxd4 Ne6 9. Bb3 Na5 10. d5 Nxb3 11. axb3 Nc5 12. d6 cxd6 13. exd6 Bf6 14. Qd5
Ne6 15. Nc3 O-O 16. O-O a6 17. Be3 Rb8 18. Ba7 Ra8 19. Be3 Re8 20. Na4 Rf8 21.
Bb6 Qe8 22. Rfe1 Bd8 23. Rac1 a5 24. Nd4 Bg5 25. Rcd1 h6 26. g3 Ra6 27. Nf5 Kh7
28. Bxa5 g6 29. Ne7 Bxe7 30. dxe7 Qxe7 31. Bc3 Rc6 32. Be5 Qg5 33. Nc3 f5 34.
f4 Qd8 35. Bd4 b5 36. Qe5 Rf7 37. Nd5 h5 38. Bc3 Kh6 39. b4 Rc4 40. Kf1 Bb7 41.
Ne3 Re4 42. Qxb5 Qa8 43. Kf2 Bc6 44. Qd3 h4 45. b5 Bb7 46. Qd6 h3 47. Qd3 Qa7
48. b4 g5 49. Kf1 gxf4 50. Nxf5+ Rxf5 51. g4 Rxe1+ 52. Rxe1 Bg2+ 53. Ke2 Rd5
54. Kd2 Qa2+ 0-1

[Event "Olimpiada Calviá 2004"]
[Site "Calviá ESP"]
[Date "2004.10.16"]
[Round "2.43"]
[White "Kawuma, Steven Male"]
[Black "Del Rio Angelis, Salvador G"]
[Result "1/2-1/2"]
[WhiteElo "2141"]
[BlackElo "2491"]
[PlyCount "83"]
[EventDate "2004.10.15"]
[EventType "team"]
[EventRounds "14"]
[EventCountry "ESP"]
[Source "lmi"]
[SourceDate "2004.10.27"]

1. e4 e6 2. d4 d5 3. e5 c5 4. c3 Nc6 5. Nf3 Bd7 6. dxc5 Bxc5 7. Bd3 f6 8. b4
Bb6 9. b5 Na5 10. O-O f5 11. a4 Ne7 12. Nbd2 Rc8 13. Bb2 O-O 14. Rc1 Ng6 15.
Re1 Bc5 16. Nb3 Nxb3 17. Qxb3 Qb6 18. Rc2 Rfd8 19. c4 d4 20. Rd2 Be8 21. g3 Nf8
22. Bf1 Bh5 23. Bg2 a5 24. Red1 Ng6 25. Bxd4 Bxd4 26. Rxd4 Rxd4 27. Rxd4 Bxf3
28. Rd6 Qc5 29. Qxf3 Nxe5 30. Qxb7 Ng4 31. Qb6 Qxb6 32. Rxb6 Rxc4 33. Bf1 Rxa4
34. Rxe6 Rb4 35. b6 a4 36. Bc4 Kf8 37. Bd5 Nf6 38. Bf3 Kf7 39. Rc6 a3 40. Rc7+
Kg6 41. Ra7 Rxb6 42. Rxa3 1/2-1/2

[Event "Olimpiada Calviá 2004"]
[Site "Calviá ESP"]
[Date "2004.10.16"]
[Round "2.44"]
[White "Green, Peter"]
[Black "Lorne, Malaku"]
[Result "1-0"]
[WhiteElo "2268"]
[BlackElo "2110"]
[PlyCount "119"]
[EventDate "2004.10.15"]
[EventType "team"]
[EventRounds "14"]
[EventCountry "ESP"]
[Source "lmi"]
[SourceDate "2004.10.27"]

1. d4 Nf6 2. Nf3 d5 3. g3 e6 4. Bg2 c5 5. O-O Nc6 6. c4 dxc4 7. Qa4 Bd7 8. Qxc4
Qb6 9. dxc5 Bxc5 10. Nc3 Na5 11. Qh4 Be7 12. Ne5 Bc6 13. Nxc6 Nxc6 14. Rb1 O-O
15. Be3 Qc7 16. Qc4 Rac8 17. Rbc1 Qa5 18. Qb5 Qxb5 19. Nxb5 a6 20. Bxc6 Rxc6
21. Rxc6 bxc6 22. Na7 c5 23. Rc1 Nd7 24. b4 Ra8 25. Nc6 Bf8 26. bxc5 Rc8 27.
Nb4 a5 28. Nd3 Nb8 29. Rb1 Nc6 30. Rb5 Be7 31. Kf1 Kf8 32. Ke1 Ke8 33. Kd2 Bf6
34. Kc2 Rc7 35. Kb3 Kd7 36. Kc4 Ra7 37. a4 Be7 38. Bd2 f6 39. Bc3 Bd8 40. Nc1
Bc7 41. Nb3 e5 42. e4 Ke6 43. Nd2 g6 44. Nf1 Ne7 45. Ne3 Nc6 46. Nd5 Bd8 47. f3
h5 48. Rb2 Kd7 49. Nb6+ Ke6 50. Rd2 Bc7 51. Kb5 Nb8 52. Bxa5 f5 53. Nc4 Bxa5
54. Rd6+ Ke7 55. Nxa5 fxe4 56. fxe4 Rc7 57. Rxg6 Nd7 58. Rc6 Ra7 59. Rh6 Nf6
60. Nc6+ 1-0

[Event "Olimpiada Calviá 2004"]
[Site "Calviá ESP"]
[Date "2004.10.16"]
[Round "2.45"]
[White "Gillani, Tunveer"]
[Black "Singh, Ravishen"]
[Result "1/2-1/2"]
[WhiteElo "2277"]
[BlackElo "2093"]
[PlyCount "155"]
[EventDate "2004.10.15"]
[EventType "team"]
[EventRounds "14"]
[EventCountry "ESP"]
[Source "lmi"]
[SourceDate "2004.10.27"]

1. e4 c5 2. Nf3 d6 3. c3 Nf6 4. e5 Nd5 5. Bc4 e6 6. O-O Nb6 7. Bb3 Nc6 8. d4
dxe5 9. Nxe5 Nxe5 10. dxe5 Qxd1 11. Rxd1 Bd7 12. Be3 Be7 13. Nd2 Bc6 14. c4
O-O-O 15. Bc2 Na4 16. Bxa4 Bxa4 17. b3 Bc6 18. b4 cxb4 19. Bxa7 Rd3 20. Bb6 Bd8
21. Bc5 Bc7 22. Nb3 Rxd1+ 23. Rxd1 Bxe5 24. Bxb4 Rd8 25. Rxd8+ Kxd8 26. g3 Kc7
27. Kf1 Be4 28. Ke2 Bb1 29. a3 Bc2 30. Nd2 Bb2 31. Nf1 Kc6 32. Kd2 Bb1 33. Ne3
b5 34. cxb5+ Kxb5 35. Nd1 Bd4 36. Bc3 Bc5 37. Bxg7 Kc4 38. Bb2 Kb3 39. Bc1 Be4
40. Ne3 Bf3 41. Kd3 e5 42. h3 Bb6 43. Kd2 Ba5+ 44. Kd3 Bc3 45. Nf5 e4+ 46. Ke3
Kc2 47. Nd6 Kxc1 48. Nxf7 Ba5 49. Kd4 Bb6+ 50. Ke5 Bxf2 51. Ng5 Bxg3+ 52. Kd4
Bf2+ 53. Ke5 Bb6 54. Nxe4 Bg2 55. h4 Kc2 56. Nf6 Bc7+ 57. Ke6 Bh3+ 58. Kf7 Bd8
59. Nxh7 Bxh4 60. a4 Be1 61. Ng5 Bg2 62. Ne6 Kb3 63. Nf4 Be4 64. Ke6 Kxa4 65.
Ke5 Bf3 66. Nd3 Bg3+ 67. Kd4 Kb5 68. Ke3 Bb7 69. Kd4 Bc7 70. Ne5 Bb6+ 71. Kc3
Be4 72. Nd3 Ba5+ 73. Kd4 Bc6 74. Ne5 Bb6+ 75. Kc3 Bg2 76. Nd3 Bf1 77. Ne5 Kc5
78. Nd7+ 1/2-1/2

[Event "Olimpiada Calviá 2004"]
[Site "Calviá ESP"]
[Date "2004.10.16"]
[Round "2.45"]
[White "Cave, Christo"]
[Black "Amir, Karim"]
[Result "0-1"]
[WhiteElo "2276"]
[BlackElo "2250"]
[PlyCount "142"]
[EventDate "2004.10.15"]
[EventType "team"]
[EventRounds "14"]
[EventCountry "ESP"]
[Source "lmi"]
[SourceDate "2004.10.27"]

1. e4 c5 2. Nf3 Nc6 3. d4 cxd4 4. Nxd4 Nf6 5. Nc3 e5 6. Nb3 Bb4 7. f3 d5 8.
exd5 Nxd5 9. Bd2 Nxc3 10. bxc3 Bd6 11. Bd3 Qh4+ 12. g3 Qh3 13. Qe2 O-O 14.
O-O-O a5 15. a4 Be6 16. Be3 Ba3+ 17. Kb1 Rfc8 18. Ka2 Bf8 19. g4 Qh4 20. Bc1
Ne7 21. Qxe5 Nd5 22. Bb2 Be7 23. c4 Bf6 24. Qe4 Nc3+ 25. Bxc3 Bxc3 26. f4 Bxg4
27. Rdg1 Bd7 28. Nd4 g6 29. Nf5 Bxf5 30. Qxf5 Bg7 31. Qe4 Re8 32. Qf3 Re7 33.
Rb1 Rae8 34. f5 Qd4 35. Qd5 b6 36. fxg6 hxg6 37. h4 Rd8 38. Qxd4 Bxd4 39. Rbf1
Re5 40. Rf4 Be3 41. Rg4 Kf8 42. Rf1 Ke7 43. Kb3 Rd4 44. Rxd4 Bxd4 45. Rf4 Be3
46. Rf3 Bd2 47. Rf2 Be1 48. Rh2 Kf6 49. Rh1 Kg7 50. c5 bxc5 51. Kc4 Kh6 52. Rf1
f5 53. Rh1 Kh5 54. Kb5 Bxh4 55. Bc4 g5 56. Kxa5 g4 57. Kb5 f4 58. a5 g3 59. a6
g2 60. Rg1 f3 61. a7 Re8 62. Bf7+ Kh6 63. Bxe8 f2 64. Rxg2 f1=Q+ 65. c4 Qxg2
66. Bc6 Qb2+ 67. Ka6 Bd8 68. Bb5 Qf6+ 69. Kb7 Qb6+ 70. Ka8 Qc7 71. Bd7 Bf6 0-1

[Event "Olimpiada Calviá 2004"]
[Site "Calviá ESP"]
[Date "2004.10.16"]
[Round "2.45"]
[White "Mirza, Shahzad"]
[Black "Merritt, Mario"]
[Result "1-0"]
[WhiteElo "2279"]
[BlackElo "2079"]
[PlyCount "49"]
[EventDate "2004.10.15"]
[EventType "team"]
[EventRounds "14"]
[EventCountry "ESP"]
[Source "lmi"]
[SourceDate "2004.10.27"]

1. d4 Nf6 2. c4 e6 3. Nc3 Bb4 4. Qc2 d5 5. cxd5 exd5 6. a3 Bxc3+ 7. bxc3 O-O 8.
Bg5 Qd6 9. e3 Re8 10. Bd3 Nbd7 11. Ne2 c5 12. Bf4 Qe7 13. O-O Nf8 14. c4 cxd4
15. Nxd4 Ng6 16. Bg5 dxc4 17. Bxc4 h6 18. Bxh6 Ne4 19. f3 gxh6 20. Qxe4 Qxe4
21. fxe4 Ne5 22. Bd5 Kg7 23. Rac1 Re7 24. Rc3 Be6 25. Rfc1 1-0

[Event "Olimpiada Calviá 2004"]
[Site "Calviá ESP"]
[Date "2004.10.16"]
[Round "2.46"]
[White "Williams, Leighton"]
[Black "Frick, Renato"]
[Result "1/2-1/2"]
[WhiteElo "2355"]
[BlackElo "2151"]
[PlyCount "120"]
[EventDate "2004.10.15"]
[EventType "team"]
[EventRounds "14"]
[EventCountry "ESP"]
[Source "lmi"]
[SourceDate "2004.10.27"]

1. d4 Nf6 2. c4 e6 3. Nc3 d5 4. Bg5 Be7 5. e3 Nbd7 6. Qc2 O-O 7. cxd5 exd5 8.
Bd3 c6 9. Nf3 Re8 10. O-O Nf8 11. Rab1 Be6 12. b4 b5 13. Rfc1 N6d7 14. Bxe7
Qxe7 15. e4 Nb6 16. Re1 Qb7 17. e5 a5 18. bxa5 Rxa5 19. Nd2 Rea8 20. f4 g6 21.
f5 gxf5 22. Bxf5 Qe7 23. Nb3 Ra3 24. Bd3 Qg5 25. Nc5 Qh4 26. Nb3 Nc4 27. Qc1 b4
28. Ne4 Rxa2 29. Ng3 Ng6 30. Rf1 Nd2 31. Qxc6 Nxb3 32. Rxb3 Qxd4+ 33. Kh1 Nxe5
34. Qb5 R2a5 35. Ne2 Qxd3 36. Qxd3 Nxd3 37. Rxd3 Ra3 38. Rd4 Re3 39. Nf4 Re4
40. Rdd1 Rd8 41. Rb1 Rd4 42. h3 Bf5 43. Rb3 Bg6 44. Ne2 Rc4 45. Rf4 Rdc8 46.
Rxb4 Rxb4 47. Rxb4 Be4 48. Rb2 Rc3 49. Rd2 Rxh3+ 50. Kg1 Rh5 51. Nf4 Rg5 52.
Kf2 h5 53. g3 Kg7 54. Ra2 Re5 55. Ra6 Bc2 56. Rd6 Bb3 57. Kf3 Bc4 58. Kf2 Bb3
59. Kf3 Rg5 60. Kf2 Re5 1/2-1/2

[Event "Olimpiada Calviá 2004"]
[Site "Calviá ESP"]
[Date "2004.10.16"]
[Round "2.46"]
[White "Jones, Richard S"]
[Black "Muendle, Kurt"]
[Result "1-0"]
[WhiteElo "2297"]
[BlackElo "2016"]
[PlyCount "35"]
[EventDate "2004.10.15"]
[EventType "team"]
[EventRounds "14"]
[EventCountry "ESP"]
[Source "lmi"]
[SourceDate "2004.10.27"]

1. e4 e6 2. d4 d5 3. Nc3 Bb4 4. exd5 exd5 5. Bd3 Nf6 6. Bg5 O-O 7. Nge2 Nbd7 8.
O-O Be7 9. Ng3 h6 10. Bf4 c6 11. Nf5 Re8 12. Ne2 Nf8 13. Neg3 Ne6 14. Be5 Bf8
15. Qf3 Ng5 16. Nxh6+ Kh8 17. Qf4 Ngh7 18. Nxf7+ 1-0

[Event "Olimpiada Calviá 2004"]
[Site "Calviá ESP"]
[Date "2004.10.16"]
[Round "2.49"]
[White "Corke, Anya"]
[Black "Pacheco, Marco"]
[Result "1-0"]
[WhiteElo "2041"]
[BlackElo "2320"]
[PlyCount "139"]
[EventDate "2004.10.15"]
[EventType "team"]
[EventRounds "14"]
[EventCountry "ESP"]
[Source "lmi"]
[SourceDate "2004.10.27"]

1. d4 d5 2. c4 c6 3. Nf3 Nf6 4. cxd5 cxd5 5. Nc3 Nc6 6. Bf4 a6 7. e3 Bg4 8. Be2
e6 9. O-O Be7 10. h3 Bh5 11. a3 O-O 12. b4 a5 13. b5 Na7 14. Qb3 Ne4 15. Rfc1
Bxf3 16. gxf3 Nxc3 17. Qxc3 Nc8 18. Bc7 Qd7 19. Bxa5 b6 20. Bb4 Bxb4 21. Qxb4
Ne7 22. Rc3 Rfc8 23. Rac1 g6 24. a4 Rxc3 25. Rxc3 Ra7 26. Bd3 Kg7 27. Bc2 Qd8
28. Kg2 Nc8 29. f4 Nd6 30. Rc6 Nc4 31. Bd3 Na5 32. Rc2 Rc7 33. Qb2 Qe7 34. Rxc7
Qxc7 35. Qc2 Qd7 36. Qc3 Qd6 37. Kg1 Kh6 38. Kg2 Qd8 39. Kf1 Kh5 40. Be2+ Kh6
41. Bd3 Kg7 42. Kg2 Qb8 43. Be2 Kf8 44. Bd3 Ke7 45. Kf3 f5 46. Ke2 Kd7 47. Kd2
Qf8 48. Ke1 h6 49. Kd2 g5 50. fxg5 hxg5 51. Ke1 Qd6 52. Bf1 Kd8 53. Be2 Nb7 54.
Qc6 Qxc6 55. bxc6 Nd6 56. Bb5 Ne4 57. Ke2 Kc7 58. f3 Nf6 59. Kf2 Nh5 60. Kg2 f4
61. exf4 gxf4 62. h4 Ng3 63. Kh3 Nf5 64. h5 Nxd4 65. h6 Nxf3 66. Kg4 Ne5+ 67.
Kxf4 Nf7 68. h7 Kd6 69. Kg4 d4 70. Kh5 1-0

[Event "Olimpiada Calviá 2004"]
[Site "Calviá ESP"]
[Date "2004.10.16"]
[Round "2.50"]
[White "Megaranto, Susanto"]
[Black "Van Hoolandt, Patrick"]
[Result "1-0"]
[WhiteElo "2439"]
[BlackElo "2269"]
[PlyCount "114"]
[EventDate "2004.10.15"]
[EventType "team"]
[EventRounds "14"]
[EventCountry "ESP"]
[Source "lmi"]
[SourceDate "2004.10.27"]

1. e4 e5 2. Nf3 Nc6 3. Bb5 Nf6 4. O-O Nxe4 5. d4 Nd6 6. Bxc6 dxc6 7. dxe5 Nf5
8. Qxd8+ Kxd8 9. Nc3 Ne7 10. Rd1+ Ke8 11. Nd4 Ng6 12. f4 Bc5 13. Be3 Bb6 14. h3
h5 15. Nce2 Bd7 16. c4 Rd8 17. Rac1 Bc5 18. Nc2 Bxe3+ 19. Nxe3 Bc8 20. Rxd8+
Kxd8 21. Rd1+ Ke8 22. Kf2 h4 23. Kf3 f6 24. exf6 gxf6 25. b3 Kf7 26. Nc3 Ke7
27. Ne4 f5 28. Nc3 Rg8 29. Rd2 Nf8 30. Ne2 Nh7 31. g4 hxg3 32. Nxg3 Kf6 33. Rg2
Rg6 34. h4 Rh6 35. h5 Bd7 36. Rd2 Nf8 37. c5 Rh7 38. b4 a6 39. a3 Rh8 40. Rh2
Rh6 41. Rh1 Be6 42. Rd1 Bd7 43. Ng2 Be6 44. Nh4 Bd7 45. Ng6 Nxg6 46. Rxd7 Nh4+
47. Kf2 Rh8 48. Rxc7 Rd8 49. h6 Ng6 50. Nh5+ Ke6 51. Rg7 Ne7 52. h7 Rd2+ 53.
Ke3 Rd8 54. Ng3 Rh8 55. Kd4 Rd8+ 56. Kc4 Kf6 57. Nh5+ Ke6 1-0